Statistics for All 500k+ Cities in Nigeria

Click here to take the quiz!

General Stats

  • This quiz has been taken 18 times
  • The average score is 9 of 12

Answer Stats

PopulationAnswer% Correct
13,903,620Lagos
100%
1,235,880Abuja
94%
3,931,300Kano
94%
3,034,200Ibadan
89%
762,719Benin City
83%
703,421Port Harcourt
78%
500,183Aba
67%
510,300Jos
61%
993,642Kaduna
61%
618,278Maiduguri
56%
532,089Ilorin
50%
612,257Zaria
39%

Score Distribution

Percentile by Number Answered

Percent of People with Each Score

Your Score History

You have not taken this quiz